00346nam a2200121Ia 450000500170000000800410001708200130005824500400007126000440011130000130015550000360016870000200020420250325025914.0240331s9999 xx 000 0 und d bAria894 0aArignarkalin Parvaiyil Barathi :b- aChennai bManikkavasagar noolagumc1982 a176 p ., aA book of Bharathiyer Paadalkal aManee, P.Seedt